00545 2200217 4500001002100000005001500021035002000036007000300056008004100059100001700100245004700117250001300164300003000177082000800207084001400215090001900229260004000248650001100288850001000299990001800309INLIS00000000000310920260528084854 a0010-0321000072ta260528 0 0 aRobert Krohn1 aEnglish Sentence Structure /cRobert Krohn a--Cet--1 axiii, 305 hlm. ;c20,5 cm a420 a420 ROB e a420 ROB e 10 3 a--Jakarta :bBinarupa Aksara,c1990 4aBahasa aPUPAD a14892/Br/2014